| 000 | 00491nam a2200193 a 4500 | ||
|---|---|---|---|
| 001 | 1770804465743 | ||
| 003 | YourLibrary | ||
| 005 | 20260211154103.0 | ||
| 008 | 260211s2009##################000#0#eng## | ||
| 020 | _a9781420076882 | ||
| 082 | 0 | 4 |
_a333.79 _bPER |
| 100 | 1 |
_aPerez-Blanco, Horacio, _eauthor. |
|
| 245 | 1 | 0 | _aThe Dynamics of Energy : |
| 260 |
_bCRC Press, _c2009. |
||
| 300 | _a320 pages | ||
| 650 | 0 | _aScience. | |
| 942 | _cENGLISH | ||
| 040 |
_aYourLibrary _beng _cYourLibrary |
||
| 999 |
_c611685 _d611685 |
||